<?xml version="1.0" encoding="UTF-8"?>
<marc:record xmlns:marc="http://www.loc.gov/MARC21/slim">
   <marc:leader>00000nam a2200000 a 4500</marc:leader>
   <marc:datafield ind1="1" ind2=" " tag="100">
      <marc:subfield code="a">Herfurtner, Rudolf</marc:subfield>
      <marc:subfield code="4">aut</marc:subfield>
      <marc:subfield code="e">Verfasser/-in</marc:subfield>
   </marc:datafield>
   <marc:datafield ind1="0" ind2="0" tag="245">
      <marc:subfield code="a">Monet für Kinder</marc:subfield>
   </marc:datafield>
   <marc:datafield ind1=" " ind2="1" tag="264">
      <marc:subfield code="b">Betz</marc:subfield>
      <marc:subfield code="c">2009</marc:subfield>
   </marc:datafield>
   <marc:datafield ind1="1" ind2=" " tag="520">
      <marc:subfield code="a">Die schönsten Werke des großen Impressionisten für Kinder. Im großformatigen Buch werden Leben und Werk von Claude Monet anhand seiner berühmtesten Werke vorgestellt. Die Nymphen aus seinem Seerosenteich erzählen dazu interessante Geschichten über Monets geliebten Garten, sein Leben in Frankreich, die Entstehung seiner eigentümlichen Farbmischungen sowie den Fortgang seiner Karriere und lassen so den Maler zum Greifen nah erscheinen.[Verlagstext]</marc:subfield>
   </marc:datafield>
   <marc:datafield ind1=" " ind2=" " tag="020">
      <marc:subfield code="a">9783219114034</marc:subfield>
      <marc:subfield code="9">9783219114034</marc:subfield>
   </marc:datafield>
</marc:record>
